Представление документа в формате RUSMARC

ПолеНазваниеЗначение
  Тип записи c
  Библиографический уровень m
001 Контрольный номер RU/УОНБ/EK_N/322858338
005 Дата корректировки 20250520122209.8
013 Номер (ISMN) __
a Номер (ISMN) ХРЕС91
d Цена 1.20
100 Данные общей обработки __
a Данные общей обработки 19910216d1991 u u0rusy0103 ba
101 Язык документа 0_
a Язык текста rus
200 Заглавие и сведения об ответственности 1_
a Заглавие Хрестоматия к программе по музыке для общеобразовательной школы
e Сведения, относящиеся к заглавию 6 кл.
f Первые сведения об ответственности Ред. Ю.Ч елкаускас
210 Выходные данные 1_
a Место издания Москва
c Издательство Просвещение
d Дата издания 1991
215 Физическое описание __
a Объем 128 с
686 Индексы других классификаций __
a Классификационный индекс 85.98я72
2 Код системы rubbk
801 Источник записи _0
a Страна RU
b Организация Ульяновская государственная областная научная библиотека им.В.И.Ленина
c Дата составления 19910216
g Правила каталогизации PSBO
801 Источник записи _1
a Страна RU
b Организация Ульяновская государственная областная научная библиотека им.В.И.Ленина
c Дата составления 19910216
901 Тип документа __
t Тип документа m
938 Служебная информация __
a Имя БД noti
b Имя библиотеки УОНБ
c Имя АИБС МАРК-SQL
d Номер DOC_ID в БД 60